00268nam a2200109Ia 4500008004100000100003100041245003100072260001800103650001300121942000700134999001700141190216s9999||||xx |||||||||||||| ||und|| aUnnikrishnan Thiruvazhiyod 0aThiruvazhiyodinde Kathakal bCurrent Books aKathakal cBK c26745d26745